Statistiques concernant Pays ayant les réseaux ferroviaires les mieux éléctrifiés

Cliquez ici pour prendre le quiz!

Statistiques générales

  • Ce quiz a été pris 32 fois
  • Le résultat moyen est 4 sur 11

Statistiques - réponses

%Réponse% Correct
100%Suisse
68%
100%Luxembourg
52%
100%Singapour
52%
100%Monaco
48%
100%Liechtenstein
40%
90,06%Inde
32%
100%Qatar
24%
90%Monténégro
16%
100%Arménie
12%
100%Maurice
12%
97,64%Laos
4%

Distribution des résultats

Percentile par nombre de réponses

% des personnes avec chaque résultat

Votre développement - résultats

Vous n’avez pas pris ce quiz